<?xml version="1.0" encoding="UTF-8"?>
<record
    xmlns:xsi="http://www.w3.org/2001/XMLSchema-instance"
    xsi:schemaLocation="http://www.loc.gov/MARC21/slim http://www.loc.gov/standards/marcxml/schema/MARC21slim.xsd"
    xmlns="http://www.loc.gov/MARC21/slim">

  <leader>01025nam2a22002531  4500</leader>
  <controlfield tag="001">v19\rc\2018019</controlfield>
  <controlfield tag="005">20250620003629.0</controlfield>
  <datafield tag="035" ind1=" " ind2=" ">
    <subfield code="a">(NLR Aleph) 005098772</subfield>
  </datafield>
  <datafield tag="090" ind1=" " ind2=" ">
    <subfield code="a">7370613</subfield>
    <subfield code="c">7370613</subfield>
  </datafield>
  <datafield tag="100" ind1=" " ind2=" ">
    <subfield code="a">20080925d1907    |||y0rusy50      ca</subfield>
  </datafield>
  <datafield tag="101" ind1="0" ind2=" ">
    <subfield code="a">rus</subfield>
  </datafield>
  <datafield tag="102" ind1=" " ind2=" ">
    <subfield code="a">RU</subfield>
  </datafield>
  <datafield tag="105" ind1=" " ind2=" ">
    <subfield code="a">y   z   |||||</subfield>
  </datafield>
  <datafield tag="200" ind1="1" ind2=" ">
    <subfield code="a">... Syrup trifolium compound</subfield>
    <subfield code="e">(&#x421;&#x43B;&#x43E;&#x436;&#x43D;&#x44B;&#x439; &#x441;&#x438;&#x440;&#x43E;&#x43F; &#x43A;&#x43B;&#x435;&#x432;&#x435;&#x440;&#x430;)</subfield>
  </datafield>
  <datafield tag="210" ind1=" " ind2=" ">
    <subfield code="d">[1907]</subfield>
    <subfield code="a">&#x411;. &#x43C;.</subfield>
  </datafield>
  <datafield tag="215" ind1=" " ind2=" ">
    <subfield code="a">11 &#x441;.</subfield>
  </datafield>
  <datafield tag="320" ind1=" " ind2=" ">
    <subfield code="a">&#x411;&#x438;&#x431;&#x43B;&#x438;&#x43E;&#x433;&#x440;.: &#x441;. 11</subfield>
  </datafield>
  <datafield tag="461" ind1=" " ind2="0">
    <subfield code="1">001v19\rc\2017993</subfield>
    <subfield code="1">2001#$a[&#x41C;&#x435;&#x434;&#x438;&#x43A;&#x430;&#x43C;&#x435;&#x43D;&#x442;&#x44B;, &#x432;&#x44B;&#x43F;&#x443;&#x441;&#x43A;&#x430;&#x435;&#x43C;&#x44B;&#x435; &#x444;&#x438;&#x440;&#x43C;&#x43E;&#x439;...$fParke, Davis &amp; company, Detroit Mich (U.S.A.)</subfield>
    <subfield code="9">7370346</subfield>
    <subfield code="a">"&#x41F;&#x430;&#x440;&#x43A;, &#x414;&#x44D;&#x432;&#x438;&#x441; &#x438; &#x41A;&#x43E;", &#x444;&#x438;&#x440;&#x43C;&#x430; (&#x414;&#x435;&#x442;&#x440;&#x43E;&#x439;&#x442;)</subfield>
    <subfield code="c">&#x421;&#x430;&#x43D;&#x43A;&#x442;-&#x41F;&#x435;&#x442;&#x435;&#x440;&#x431;&#x443;&#x440;&#x433;]</subfield>
    <subfield code="d">1903-1907</subfield>
    <subfield code="f">Parke, Davis &amp; company, Detroit Mich (U.S.A.)</subfield>
    <subfield code="t">[&#x41C;&#x435;&#x434;&#x438;&#x43A;&#x430;&#x43C;&#x435;&#x43D;&#x442;&#x44B;, &#x432;&#x44B;&#x43F;&#x443;&#x441;&#x43A;&#x430;&#x435;&#x43C;&#x44B;&#x435; &#x444;&#x438;&#x440;&#x43C;&#x43E;&#x439;...</subfield>
  </datafield>
  <datafield tag="532" ind1="1" ind2="3">
    <subfield code="a">Syrup trifolium compound</subfield>
  </datafield>
  <datafield tag="801" ind1=" " ind2="0">
    <subfield code="a">RU</subfield>
    <subfield code="b">NLR</subfield>
    <subfield code="g">psbo</subfield>
  </datafield>
  <datafield tag="801" ind1=" " ind2="1">
    <subfield code="a">RU</subfield>
    <subfield code="b">ProSoft-M</subfield>
    <subfield code="2">rusmarc</subfield>
  </datafield>
  <datafield tag="852" ind1=" " ind2=" ">
    <subfield code="a">NLR</subfield>
    <subfield code="j">34.85.6.138</subfield>
  </datafield>
  <datafield tag="942" ind1=" " ind2=" ">
    <subfield code="c">BOOK</subfield>
  </datafield>
  <datafield tag="980" ind1=" " ind2=" ">
    <subfield code="a">NB</subfield>
  </datafield>
  <datafield tag="995" ind1=" " ind2=" ">
    <subfield code="5">2013-10-26</subfield>
    <subfield code="b">NLR02</subfield>
    <subfield code="c">NLR02</subfield>
    <subfield code="e">RFS</subfield>
    <subfield code="f">5098772-10</subfield>
    <subfield code="k">34.85.6.138</subfield>
    <subfield code="o">0</subfield>
    <subfield code="r">BOOK</subfield>
    <subfield code="s">34856138_</subfield>
  </datafield>
</record>
